| Tag |
First Indicator |
Second Indicator |
Subfields |
| LEADER |
00000cam a2200000 a 4500 |
| 001 |
in00000098267 |
| 005 |
20150924085756.0 |
| 008 |
821124s1982 fr b 10000 eng d |
| 020 |
|
|
|a 0080270700
|
| 035 |
|
|
|a (OCoLC)08988047
|
| 035 |
|
|
|9 AAK9635AM
|
| 040 |
|
|
|a TXA
|c TXA
|d UtOrBLW
|
| 043 |
|
|
|a ew-----
|a n-us---
|
| 049 |
|
|
|a TXAM
|c [1197415]
|
| 090 |
|
|
|a D1065.U5
|b R44
|
| 245 |
0 |
0 |
|a Relations between western Europe and the United States of America :
|b Entretiens europeens de Strasbourg, 29-30 June, 1981, Palais de l'Europe, Strasbourg /
|c Strasbourg University of Law, Political and Social Sciences and Technology under the auspices of the Secretary General of the Council of Europe.
|
| 264 |
|
1 |
|a Paris ;
|a New York :
|b Pergamon,
|c 1982.
|
| 300 |
|
|
|a ix, 261 pages ;
|c 21 cm.
|
| 336 |
|
|
|a text
|b txt
|2 rdacontent
|
| 337 |
|
|
|a unmediated
|b n
|2 rdamedia
|
| 338 |
|
|
|a volume
|b nc
|2 rdacarrier
|
| 500 |
|
|
|a Spine title: Western Europe, United States of America.
|
| 504 |
|
|
|a Includes bibliographical references.
|
| 651 |
|
0 |
|a Europe
|x Foreign relations
|z United States
|v Congresses.
|
| 651 |
|
0 |
|a United States
|x Foreign relations
|z Europe
|v Congresses.
|
| 711 |
2 |
|
|a Entretiens européens de Strasbourg
|d (1981)
|
| 710 |
2 |
|
|a Université des sciences juridiques, politiques, sociales et de technologie de Strasbourg.
|
| 710 |
2 |
|
|a Council of Europe.
|
| 740 |
0 |
|
|a Western Europe, United States of America.
|
| 999 |
|
|
|a MARS
|
| 999 |
f |
f |
|s 15166490-db07-32a9-98d9-62bc5f875219
|i 53d56ce2-f60f-3c04-8729-35b486c2f92d
|t 0
|
| 952 |
f |
f |
|p ric
|a Texas A&M University
|b Rellis Campus
|c Joint Library Facility
|d Remote Storage
|t 0
|e D1065.U5 R44
|h Library of Congress classification
|i unmediated -- volume
|m A14806269683
|
| 998 |
f |
f |
|a D1065.U5 R44
|t 0
|l Remote Storage
|